| 000 | 00710 aa a2200205 4500 | ||
|---|---|---|---|
| 008 | 081021t xxu||||| |||| 00| 0 eng d | ||
| 010 | _aENG-84553 | ||
| 020 | _a0195681592 | ||
| 020 | _c575.00 (hb) | ||
| 035 | _aEN-68086 | ||
| 082 | _a320.513 / ROB | ||
| 100 | _aRobb, Peter | ||
| 245 |
_aLiberation, modernity, and the nation / _cby Peter Robb |
||
| 260 |
_aNew Delhi _bOxford University Press |
||
| 260 | _c2007 | ||
| 300 |
_aix,231p _c23cm |
||
| 490 | _aEmpire, identity, and India | ||
| 942 |
_2ddc _cEN _h320.513 _m ROB |
||
| 999 |
_c17858 _d17858 |
||